| 000 | 01541nam a2200241Ia 4500 | ||
|---|---|---|---|
| 003 | PE SENCICO BE | ||
| 005 | 20251020182427.0 | ||
| 008 | 200515s9999 xx 000 0 und d | ||
| 040 |
_aPE SENCICO BE _cPE SENCICO BE |
||
| 041 | _aspa | ||
| 082 |
_a302 _bR74 |
||
| 100 | 1 |
_aRodrigues, Aroldo _92340 _eautor |
|
| 245 | 1 | 0 |
_aPsicología social / _cAroldo Rodrigues |
| 250 | _a1a ed. | ||
| 260 |
_aMéxico, D.F. : _bTrillas ; _c1976 |
||
| 300 |
_a508 p. : _btbl., graf. ; _c22 cm. |
||
| 505 | 0 | _aConcepto de psicología social -- Resumen histórico de la psicología social -- Métodos de investigación de psicología social -- Psicología social pura y aplicada : tecnología social -- Principales sistemas psicológicos y sus contribuciones a la psicología social -- Principales teorías psicosociales -- Percepción social -- Dependencias e interdependencias -- Atracción interpersonal -- Tendencia a la asociación con los demás -- Agresión violencia y altruismo -- Concepto de actitud -- Formación de las actitudes -- Cambio de actitud -- Toma de decisiones -- Conformismo y excepcionalidad -- Procesos de grupo -- La psicología social de las organizaciones | |
| 520 | 3 | _aEsta obra ofrece, mediante la exposición de los que es la medicina psicosomática, una respuesta a dichos problemas. Es práctica para toda persona, en especial para los profesionales y estudiantes. | |
| 650 | 1 | 0 |
_aPsicología social _92299 |
| 650 | 2 | 0 |
_aRelaciones interpersonales _92328 |
| 650 | 2 | 0 |
_aActitud (Psicología) _92341 |
| 942 |
_cLIB _2ddc |
||
| 999 |
_c150 _d150 |
||